1767 1470 1979 1997 1049 1075 1429 1691 1387 1847 1133 1975 1040 1796 1885 1825 1248 1451 1323 1078 1675 1574 1720 1203 1696 1179 1340 1932 1411 1427 1545 1946 1547 1020 1845 1243 1252 1623 1082 1078 1877 1608 1412 1597 1268 1118 1276 1606 1461 1694 1725 1826 1754 1949 1275 1614 1286 1367 1762 1522 1988 1842 1704 1087 1074 1471 1717 1777 1745 1306 1753 1171 1142 1738 1503 1933 1900 1755 1223 1768 1624 1096 1535 1812 1599 1300 1038 1391 1010 1084 1389 1003 1792 1892 1601 1312 1899 1565 1282 BCNSPRNW ULIB Ver.6.0+V

เปลี่ยนเป็นภาษาไทย

Change to English
 แสดงรายละเอียดบรรณานุกรม
  กลับหน้าหลัก

Brief Record : Get Marc (ISO 2709) : E-mail record : QR code < ปิดหน้าต่าง
LEADER : 00000nam 2200000uu 4500
001    13399123226
003     ULIB
008    020711s2553 th a 000 0 tha d
050 14 LB1027^bส111ค
110    กระทรวงการท่องเที่ยวและกีฬา.^bกรมพลศึกษา.^bสถาบันพัฒนาบุคลากรการพลศึกษาและการกีฬา.
245    คู่มือผู้ฝึกสอนกีฬาวอลเลย์บอลชายหาด/^cสถาบันพัฒนาบุคลากรการพลศึกษาและการกีฬา
260    กรุงเทพฯ :^bโรงพิมพ์สหกรณ์การเกษตรแห่งประเทศไทย,^c2553
300    131 หน้า;^b26 ซม.
650    วอลเลย์บอลชายหาด
945    ^p0^l0^i20357
999    ^aทศพร เกษรทอง
รายการนี้ยังไม่มีแท็ก
คุณยังไม่ได้ล็อกอิน คุณสามารถมีกิจกรรมร่วมกับเว็บไซต์ได้ แต่ต้องล็อกอินก่อน ::
  ล็อกอิน

รายการสื่อสารสนเทศ

ลำดับที่ ประเภท เลขเรียก/บาร์โค้ด สถานที่ สถานะ
1. การศึกษาทั่วไป
การศึกษาทั่วไป
LB1027 ส111ค ฉ.1 
  Barcode: 20357
ห้องสมุดวิทยาเขตนครสวรรค์
►หนังสือทั่วไป:l:General Books
บนชั้น
Note:อภินันทนาการ

รายการใกล้เคียง
    หัวเรื่อง [วอลเลย์บอลชายหาด]

BibComment


ยังไม่เคยถูกคอมเมนท์

คอมเมนท์ทรัพยากรรายการนี้
  คอมเมนท์: คู่มือผู้ฝึกสอนกี..


 Copyright 2026. Bcnsprnw @Library